Central Library OPAC University of Rajshahi

অমৃতলালের শ্রেষ্ঠ প্রহসন / (Record no. 48028)

MARC details
000 -LEADER
fixed length control field 01214nam a2200277 a 4500
001 - CONTROL NUMBER
control field 48028
003 - CONTROL NUMBER IDENTIFIER
rucl marc code BD-RjUL
005 - DATE AND TIME OF LATEST TRANSACTION
control field 20211209054438.0
008 - FIXED-LENGTH DATA ELEMENTS--GENERAL INFORMATION
fixed length control field 160420s1994 bg ||||| |||| 00| 0 ben d
020 ## - INTERNATIONAL STANDARD BOOK NUMBER
Terms of availability : Tk 100.00
035 ## - SYSTEM CONTROL NUMBER
System control number (BD-RjUL)48147
040 ## - CATALOGING SOURCE
Original cataloging agency BD-RjUL
Language of cataloging ben
Transcribing agency BD-RjUL
041 ## - LANGUAGE CODE
Language code of text/sound track or separate title ben
082 ## - DEWEY DECIMAL CLASSIFICATION NUMBER
Edition number 23
Classification number 891.442
Author mark and year AMR 1994
100 1# - MAIN ENTRY--PERSONAL NAME
Personal name অমৃতলাল
9 (RLIN) 145602
245 10 - TITLE STATEMENT
Title অমৃতলালের শ্রেষ্ঠ প্রহসন /
Statement of responsibility, etc. ড. ক্ষেত্র গুপ্ত, ড. শম্ভুনাথ গঙ্গোপাধ্যায় (সম্পাদিত)
260 ## - PUBLICATION, DISTRIBUTION, ETC. (IMPRINT)
Place of publication, distribution, etc. কলিকাতা :
Name of publisher, distributor, etc. পঁথি,
Date of publication, distribution, etc. ১৯৯৪
300 ## - PHYSICAL DESCRIPTION
Pagination [উনচল্লিশ], ৪৭৮ পৃ. ;
Size ২১ সেমি.
600 ## - SUBJECT ADDED ENTRY--PERSONAL NAME
Personal name অমৃতলাল
Personal name Amritalal
650 ## - SUBJECT ADDED ENTRY--TOPICAL TERM
Topical term or geographic name as entry element বাংলা
Form subdivision নাটক (প্রহসন)
9 (RLIN) 118114
Topical term or geographic name as entry element Bangla Literature
Form subdivision Drama ( comedy )
9 (RLIN) 145604
700 ## - ADDED ENTRY--PERSONAL NAME
Personal name গুপ্ত, ক্ষেত্র (সম্পাদিত)
Personal name গঙ্গোপাধ্যায়, শম্ভুনাথ (সম্পাদিত)
942 ## - ADDED ENTRY ELEMENTS (KOHA)
Source of classification or shelving scheme Dewey Decimal Classification
Koha item type Books
Holdings
Lost status Source of classification or shelving scheme Damaged status Not for loan Collection code Permanent Location Current Location Shelving location Date acquired Source of acquisition Cost, normal purchase price Total Checkouts Full call number Date last seen Copy number Koha item type
  Dewey Decimal Classification     Non-fiction Central Library, University of Rajshahi Central Library, University of Rajshahi   03/03/2008 Paragon Enterprises Dhaka 100.00   B 891.442 AMR 1994 11/08/2016 C-2 Books
  Dewey Decimal Classification     Non-fiction Central Library, University of Rajshahi Central Library, University of Rajshahi   03/03/2008 Paragon Enterprises Dhaka 100.00   B 891.442 AMR 1994 11/08/2016 C-3 Books
  Dewey Decimal Classification     Non-fiction Central Library, University of Rajshahi Central Library, University of Rajshahi   03/03/2008 Paragon Enterprises Dhaka 100.00   B 891.442 AMR 1994 11/08/2016 C-5 Books
  Dewey Decimal Classification     Non-fiction Central Library, University of Rajshahi Central Library, University of Rajshahi   03/03/2008 Paragon Enter Ltd. Dhaka 100.00   B 891.442 AMR 1994 01/10/2016 C-4 Books